00408nam a2200145Ia 4500082001200000100001600012245007700028260003100105300000800136650002300144650003300167650002800200650001600228710001800244 aTC.0035 aChandra, M. 0aChanges in status, attitude, choice and aspirations of Hindu urban women c1979bUniversity of Madras a240 aUrban womenzIndia aWomenvSocio-economic status aHindu womenvPsyhcology aHindu women aParumal, C.A.